02489nkc a2200373za 450000100060000000300040000600500170001000700070002700800410003404000240007510000410009924500350014026000240017530001000019950001650029950001920046450000650065650001340072150001700085550400520102550500340107751001540111151002100126556101300147561000470160565100260165265500400167870000600171885200120177885601500179094200250194095201330196599900170209884437OSt20260317140553.0kh boc250409s19101911sp ||||| |||| 00| i|spa d aM-RABAbspacM-RABA1 aElorza, Lorenzod(1861-1931)911106810aErenchunb: Pórticoc/ L. E. c[ca. 1910 – 1911] a1 fotografíab: gelatina de platac; imagen 12 x 16,5 cmc; soporte secundario 21,5 x 26,5 cm aVista de los tramos de los que se compone el interior del pórtico de la iglesia parroquial de San Andrés en Erenchun, que se cubren con bóvedas ojivales.  aFotografía montada sobre soporte secundario de cartulina azul enmarcada con orla en relieve. Título y numeración manuscrita que hace referencia a la posición en la serie “58”. aSello con monograma del fotógrafo en tinta roja “L.E.” aFechas tomadas de la ejecución del positivo de las fotografías, incluido el soporte secundario. (Soto Madrazo, Javier. 2008). aForma parte de un conjunto de 167 fotografías empleadas por Federico Baráibar Zumárraga para la elaboración del Inventario del Románico en Álava (1911).  aBaraibar, F.: "Rincones artísticos", M. 1914. aErenchun.- Pórtico / L. E.  aDescripción tomada de: Soto Madrazo, Javier (2008). "Federico Baraibar y las fotografías del Románico Alavés. Breve estudio y catalogación" aEsta colección fue utilizada posteriormente por Cristóbal de Castro para la elaboración y publicación del "Catálogo Monumental de España: provincia de Álava", Madrid, S. de Rivadeneira, 1915. aDonadas junto con la memoria manuscrita a la Academia por el mismo Baraibar (Sesión 12 de febrero de 1912, Archivo: 4-32-1)20aIglesia de San Andrés (Erenchun)9111614 7aÁlava2embne975661 0aFotografías de monumentos91115801 aBaráibar y Zumárraga, Federico d(1851-1918)912926 jFot-167 3Fot-167uhttps://archivoybiblioteca.realacademiabellasartessanfernando.com/cgi-bin/koha/opac-retrieve-file.pl?id=9d99b21ee944d9be68facc5b670af223 2ddccFOTOGRAFÍAn0 00102ddc40708FOTOGRAFIAaRABASFbRABASFcDP2d2025-04-09l0oFot-167p1095312r2025-04-09 12:32:58w2025-04-09yFOTOGRAFÍA c84437d84437